000 00719nam a2200133Ia 4500
008 171212s9999 xx 000 0 und d
020 _a9780833058355
100 _aOrtiz, David S.;Curtright, Aimee E.;Samaras, Constantine;Litovitz, Aviva;Burger, Nicholas
245 _cOrtiz, David S.;Curtright, Aimee E.;Samaras, Constantine;Litovitz, Aviva;Burger, Nicholas
_aNear-Term Opportunities for Integrating Biomass into the U.S. Electricity Supply
_bTechnical Considerations
260 _bRAND Corporation
_c2011
650 _aBiomass energy -- United States; Electric power plants -- United States -- Fuel; Electric power production -- United States
650 _aBusiness
856 _uwww.jstor.org/stable/10.7249/tr984netl
999 _c352358
_d352358